000 00540nam a2200157 4500
001 111782
003 ES-MaACL
007 t|
008 061121s1966 sp r ||||1| spa d
100 1 _aNeumann, Johann Joachim.
_985446
245 1 0 _aCamino de Dios con Israel
_b: manual básico de trabajo con el Antiguo Testamento /
_cJuan Joaquín Neumann; [versión, Atilano Rico Seco].
260 _aEstella :
_bVerbo Divino,
_c1966.
300 _a190 p. ;
_c19 cm.
700 1 _aRico Seco, Atilano.
_997036
852 _aES-MaACL
_jG-15958
_bR.62271
999 _c111782
_d111782